2003 / [Museu Marítim]
Descripción Física:
[116] p. : il., grav. ; 23 x 23 cm
MARC
| LEADER | 00000nam a2200000Ia 4500 | ||
|---|---|---|---|
| 001 | 14652 | ||
| 008 | 160829s2002 xx 000 0 cat d | ||
| 080 | |a O-1-125 | ||
| 245 | |a 2003 / [Museu Marítim] | ||
| 260 | |a [Barcelona] : |b el Museu, Drassanes de Barcelona, |c 2002 | ||
| 300 | |a [116] p. : |b il., grav. ; |c 23 x 23 cm | ||
| 590 | |a Al colofó: El Consorci de les Drassanes està format per: Diputació de Barcelona, Xarxa de Municipis; Ajuntament de Barcelona; Port de Barcelona | ||
| 650 | |a Cartografia |x Espanya |x Història |x Miscel·lànies Museu Marítim (Barcelona) |x Calendaris |9 25719 | ||
| 710 | |a Museu Marítim (Barcelona, Catalunya) |9 10020 | ||
| 710 | 2 | |a Consorci de les Drassanes de Barcelona |9 55893 | |
| 901 | |a Arxiu | ||
| 942 | |n 1 | ||
| 952 | |0 0 |1 0 |4 0 |6 O1125 |7 1 |9 43757 |a Arxiu |b Arxiu |d 2016-12-01 |l 0 |o O-1-125 |p 14652 |r 2016-12-01 00:00:00 |w 2016-12-01 |y ARXIU | ||
| 999 | |c 46305 |d 46305 | ||